00449nam a22000977a 4500008004100000020001500041050002500056245020600081260005400287300001000341230919b |||||||| |||| 00| 0 eng d a9966087419 aBV652.25b.P76 2013  aProclaiming the good news in joyful service and hope :bThe Catholic University in 21st century celebrating the silver jubilee of Tangaza University college cDedan O"Byrne, Beatrice Churu and Jeketule aNairobi, KenyabPaulines Publication Africac2013 a198p.